000 00582nam a2200181Ia 4500
005 20250423100013.0
008 250422s9999 xx 000 0 und d
020 _a9789386372451
050 _aZ 678 .L64/
100 _aLohia, Saurabh
245 0 _aLibrary management in internet era
260 _aNew Delhi
260 _bRandom Publications
260 _c2018
300 _a298 p
650 _a Library administration. Library administration--United States. Information services--Management. Information services--United States--Management.
942 _cBK
999 _c31996
_d31996